| 000 | 00472cam a2200193ua 4500 | ||
|---|---|---|---|
| 020 | _c1.50 | ||
| 041 |
_amal _h |
||
| 082 |
_a894.8121 _bSRE/BA |
||
| 100 | _aSreedharam, Vallathol. | ||
| 245 |
_aBappuji / _cVallathol Sreedharamenon. _hTextual Documents |
||
| 250 |
_a6 / _b. |
||
| 260 |
_aCheruthuruthy : _bVallathol Granthalayam , _c1969. |
||
| 300 | _a71 ; . | ||
| 365 | _a1.50 | ||
| 504 | _a | ||
| 942 | _cBK | ||
| 999 |
_c3850 _d3850 |
||